Marvel Heroes by Torso #1 - Statistics

General Stats
  • This quiz has been taken 27 times
  • The average score is 12 of 16
Answer Stats
Picture Answer % Correct
Spider-Man
100%
Iron Man
92%
She-Hulk
88%
Captain Marvel
85%
Hawkeye
85%
Silver Surfer
85%
Falcon
81%
Quicksilver
81%
Cyclops
77%
Ms. Marvel
73%
Wasp
73%
Star-lord
65%
Colossus
62%
Ironheart
46%
Aurora
42%
Sersi
38%
No matching quizzes found
Score Distribution
Percent of People with Each Score
Percentile by Number Answered
Your Score History
You have not taken this quiz